| 000 | 01092nam a22002537a 4500 | ||
|---|---|---|---|
| 001 | 43785 | ||
| 003 | BD-RjUL | ||
| 005 | 20211209053743.0 | ||
| 008 | 160627s1989 bg ||||| |||| 00| 0 ben d | ||
| 020 | _c: Tk. 250.00 | ||
| 035 | _a(BD-RjUL)43903 | ||
| 040 |
_aBD-RjUL _bben _cBD-RjUL |
||
| 041 | _aben | ||
| 082 |
_223 _a297.12543 _bTIJ 1989 |
||
| 100 |
_aতিরমিযী (রহ:), ইমাম আবু 'ঈসা _9135015 |
||
| 245 |
_aজামে' তিরমিযী / _cমূল: ইমাম আবু 'ঈসা তিরমিযী (রহ:) ; অনুবাদ: মুহাম্মাদ আবদুন্ নূর সালাফী |
||
| 260 |
_aরংপুর: _bসালাফী প্রকাশনী, _c১৯৮৯ |
||
| 300 |
_a খণ্ড ; _c২৪ সেমি. |
||
| 505 | 0 | _aখণ্ড ১ -- | |
| 650 |
_aহাদীস, তিরমিযী _9135016 |
||
| 650 |
_aHadith, Tirmizi _9135017 |
||
| 700 |
_aসালাফী, মুহাম্মাদ আবদুন্ নূর, অনুবাদক _9148066 |
||
| 942 |
_2ddc _cBK |
||
| 999 |
_c43785 _d43785 |
||